Lakitas en Arica: zampoñas, sopladores y ritmos en el norte de Chile
-д хадгалсан:
| Үндсэн зохиолчид: | , , , , , , , , , |
|---|---|
| Формат: | Ном |
| Хэл сонгох: | испани |
| Хэвлэсэн: |
Santiago
Gerardo Mora Rivera
2010
|
| Хэвлэл: | 1a. ed |
| Нөхцлүүд: | |
| Шошгууд: |
Шошго нэмэх
Шошго байхгүй, Энэхүү баримтыг шошголох эхний хүн болох!
|
MARC
| LEADER | 00000cam a2200000 a 4500 | ||
|---|---|---|---|
| 001 | UCE5875 | ||
| 003 | CL-VaPUC | ||
| 008 | 150312e20100000cl |||||||||||||||||spa|d | ||
| 020 | |a 9789563328509 | ||
| 082 | 0 | 4 | |a 781.621 |b ARA |2 21 |
| 100 | 0 | |a Arancibia Elorza, Camila |e author |9 578555 | |
| 700 | 0 | |a Borie Cervellino, César |e author |9 578556 | |
| 700 | 0 | |a Fielbaum Schnitzler, Alejandro |e author |9 578557 | |
| 700 | 0 | |a Fortunato Mankoch, Andrés |e author |9 578558 | |
| 700 | 0 | |a Lorca Guzmán, Catalina |e author |9 578559 | |
| 700 | 0 | |a Manríquez Pérez, Francisco |e author |9 578560 | |
| 700 | 0 | |a Mora Rivera, Gerardo |e author |9 578561 | |
| 700 | 0 | |a Silva Bustamante, Francisco |e author |9 578562 | |
| 700 | 0 | |a Ostojic Espinoza, Zorka |e author |9 578563 | |
| 700 | 0 | |a Wolf Greve, Juan Eduardo |e author |9 578564 | |
| 245 | 1 | 0 | |a Lakitas en Arica: zampoñas, sopladores y ritmos en el norte de Chile |
| 250 | |a 1a. ed | ||
| 300 | |a 175 p | ||
| 942 | |c BK | ||
| 945 | |d 20150312 12:37:00 |a dcastane | ||
| 260 | |a Santiago |b Gerardo Mora Rivera |c 2010 | ||
| 650 | 0 | |a Folklore chileno |9 265536 | |
| 650 | 0 | |a Fiestas religiosas |9 349319 | |
| 650 | 7 | |a SICURIS |2 CL-VaPUC |9 578565 | |
| 650 | 7 | |a LAKITAS |2 CL-VaPUC |9 578566 | |
| 650 | 0 | |a Danzas ceremoniales |9 578567 | |
| 583 | |a last modification |c 20150312 12:37:00 |k Rodrigo Vera | ||
| 999 | |c 358436 |d 358434 | ||
| 952 | |0 0 |1 0 |3 erb |4 0 |6 781_621000000000000_ARA_2010 |7 0 |8 R |9 467129 |a BIBEDU |b BIBEDU |i 5139562 |l 1 |o 781.621 ARA 2010 |p 5139562 |r 2024-08-06 |s 2024-08-06 |w 2019-11-23 |y BK_R |z Catalogado en:20150312 |k MUS | ||